|
|
|
|
| LEADER |
00000nkm a2200000 a 4500 |
| 001 |
vtls010263993 |
| 003 |
SK-MaSNL |
| 005 |
20260301084332.0 |
| 007 |
kf bo |
| 008 |
231206q1921 xo g kucze |
| 015 |
|
|
|a SNBG
|
| 035 |
|
|
|a 3D31350A-9D67-492B-8E31-E2E813A5950A
|
| 035 |
|
|
|a urn:nbn:sk:snk-kmxvlz
|
| 035 |
|
|
|a urn:nbn:sk:snk-km0055dl
|
| 040 |
|
|
|a SNK
|b slo
|c SNK
|e AACR2
|
| 041 |
0 |
|
|a cze
|
| 043 |
|
|
|a e-xo---
|a e-pl---
|
| 044 |
|
|
|a xo
|c SK
|
| 080 |
|
|
|a 911.2(23.0)
|2 2001
|
| 080 |
|
|
|a 913(437.6-17)
|2 2001
|
| 080 |
|
|
|a 913(438-13)
|2 2001
|
| 080 |
|
|
|a (089.7)
|2 2001
|
| 245 |
0 |
0 |
|a Vrchol Rysů, 2503 m.
|h grafika
|
| 260 |
|
|
|a Štrbské Pleso
|b J. Ossko
|c [1921?]
|
| 300 |
|
|
|a 1 pohľadnica
|b čiernobiela
|c 9 x 14 cm
|
| 650 |
0 |
7 |
|a horské masívy
|2 SNKPH
|9 115560
|
| 651 |
|
7 |
|a Vysoké Tatry (Poľsko a Slovensko : pohorie)
|2 SNKPH
|9 67729
|
| 655 |
|
7 |
|a miestne pohľadnice
|2 SNKPH
|9 70510
|
| 852 |
|
|
|a Slovenská národná knižnica
|
| 958 |
|
|
|a GC
|
| 958 |
|
|
|a GBN
|
| 958 |
|
|
|a OND
|
| 999 |
|
|
|c 663151
|d 665081
|
| 952 |
|
|
|a SNK
|b SNK
|y PREZ
|7 0
|p 17A0693545
|o snkSP 434
|i snk434/84
|0 0
|1 0
|4 0
|d 2011-03-15
|f 1
|l 0
|r 2026-02-23 18:59:55
|w 2026-02-23
|